[Event "IX Festival A"]
[Site "Cesenatico ITA"]
[Date "2004.09.11"]
[Round "8"]
[White "Estremera Panos, Sergio"]
[Black "Di Caro, Calogero"]
[Result "1/2-1/2"]
[WhiteElo "2341"]
[BlackElo "2322"]
[PlyCount "96"]
[EventDate "2004.09.04"]

1. d4 d6 2. e4 Nf6 3. Nc3 g6 4. f4 Bg7 5. Nf3 O-O 6. Be3 b6 7. Qd2 Bb7 8. e5
Ng4 9. O-O-O dxe5 10. Nxe5 Nxe5 11. dxe5 Qxd2+ 12. Rxd2 Rc8 13. Nd5 Nc6 14. Bb5
Kf8 15. Rhd1 a6 16. Be2 e6 17. Nf6 Bxf6 18. exf6 Nb4 19. a3 Nd5 20. Bf3 Rab8
21. Bd4 b5 22. b3 Ke8 23. Be5 Ne3 24. Re1 Bxf3 25. Rxe3 Bb7 26. Rc3 h5 27. Rxc7
Rxc7 28. Bxc7 Rc8 29. Ba5 Bd5 30. Kb2 Kd7 31. g3 Kc6 32. Rd4 Kd7 33. Bb4 Rc6
34. Kc1 Kc8 35. Kd2 Kb7 36. Ba5 Rc8 37. Kd3 Rh8 38. c4 Bc6 39. Rd6 h4 40. g4 h3
41. Kd4 bxc4 42. bxc4 Rh4 43. Rxe6 fxe6 44. f7 Rh8 45. Bb4 Bf3 46. f5 exf5 47.
g5 Be2 48. f8=Q Rxf8 1/2-1/2

[Event "IX Festival A"]
[Site "Cesenatico ITA"]
[Date "2004.09.11"]
[Round "8"]
[White "Faini, Ivano"]
[Black "Del Nevo, Claudio"]
[Result "0-1"]
[WhiteElo "1679"]
[BlackElo "1941"]
[PlyCount "156"]
[EventDate "2004.09.04"]

1. e4 d6 2. d4 Nf6 3. Nc3 g6 4. f4 Bg7 5. h3 O-O 6. Bd3 Na6 7. a3 e6 8. Nf3 c6
9. O-O Nh5 10. Qe1 Nf6 11. Qh4 Nd7 12. Qxd8 Rxd8 13. Bxa6 bxa6 14. g4 Bb7 15.
Be3 Nb6 16. b3 c5 17. Rad1 Rac8 18. dxc5 dxc5 19. Rxd8+ Rxd8 20. e5 Bf8 21. Kf2
Bc6 22. Nd2 c4 23. b4 Na4 24. Nxa4 Bxa4 25. Rc1 Bb5 26. Ne4 a5 27. Nc5 axb4 28.
axb4 a6 29. Ke1 Rc8 30. c3 Be7 31. g5 a5 32. Ra1 a4 33. Bd4 Kg7 34. h4 h6 35.
Kf2 hxg5 36. fxg5 Rh8 37. Kg3 Rb8 38. Ne4 Bc6 39. Nc5 Rd8 40. Na6 Ra8 41. Bc5
Bxc5 42. Nxc5 Rd8 43. Nxa4 Ra8 44. h5 gxh5 45. Kh4 Rxa4 46. Rc1 Ra2 47. Kxh5
Rh2+ 48. Kg4 Kg6 49. Rf1 Be4 50. Ra1 Bf5+ 51. Kf4 Rh4+ 52. Ke3 Re4+ 53. Kf3
Rxe5 54. Rg1 Rd5 55. Ke3 Rd3+ 56. Kf4 Rxc3 57. b5 Rb3 58. Ke5 Rxb5+ 59. Kd4 Bd3
60. Rh1 Rxg5 61. Rh8 f5 62. Rg8+ Kf6 63. Rf8+ Ke7 64. Rh8 f4 65. Ra8 Rd5+ 66.
Kc3 f3 67. Ra2 Be2 68. Ra7+ Rd7 69. Ra1 f2 70. Rh1 f1=Q 71. Rh7+ Kd6 72. Rxd7+
Kxd7 73. Kd4 Qf4+ 74. Kc3 Qd6 75. Kb2 e5 76. Kc3 e4 77. Kb2 e3 78. Kc3 Qd2# 0-1

[Event "IX Festival A"]
[Site "Cesenatico ITA"]
[Date "2004.09.11"]
[Round "8"]
[White "Gaiba, Paolo"]
[Black "Hess, Christian Mathias"]
[Result "1-0"]
[WhiteElo "2145"]
[BlackElo "2318"]
[PlyCount "61"]
[EventDate "2004.09.04"]

1. e4 e6 2. d4 d5 3. e5 c5 4. c3 Nc6 5. Bd3 cxd4 6. Nf3 dxc3 7. Nxc3 d4 8. Ne4
Nxe5 9. Nxe5 Qa5+ 10. Bd2 Qxe5 11. O-O Nf6 12. f4 Qd5 13. Ng5 Be7 14. Qe2 h6
15. Nf3 O-O 16. Ne5 b6 17. Rf3 Bb7 18. Re1 Qxa2 19. Rg3 Qd5 20. f5 Bd6 21. Bxh6
Qxe5 22. Rxg7+ Kh8 23. Qxe5 Bxe5 24. Rxe5 Rg8 25. Rxf7 Rxg2+ 26. Kf1 Rag8 27.
Rxb7 Rg1+ 28. Ke2 R8g2+ 29. Kf3 Ng4 30. Rb8+ Kh7 31. f6+ 1-0

[Event "IX Festival A"]
[Site "Cesenatico ITA"]
[Date "2004.09.11"]
[Round "8"]
[White "Galassi, Federico"]
[Black "Gromovs, Sergejs"]
[Result "0-1"]
[WhiteElo "1943"]
[BlackElo "2341"]
[PlyCount "64"]
[EventDate "2004.09.04"]

1. e4 c5 2. Nc3 Nc6 3. g3 g6 4. Bg2 Bg7 5. d3 e6 6. Be3 d6 7. Qd2 Nge7 8. Bh6
Bxh6 9. Qxh6 Nd4 10. O-O-O Qa5 11. Kb1 Bd7 12. Qg7 O-O-O 13. Nge2 Nec6 14. f4
b5 15. Nc1 b4 16. N3e2 e5 17. Nxd4 Nxd4 18. Nb3 Nxb3 19. axb3 exf4 20. gxf4 Bg4
21. Rde1 Qc7 22. e5 Be6 23. exd6 Qxd6 24. Re5 Kb8 25. Rhe1 Qc7 26. d4 Rhg8 27.
Qxh7 Rh8 28. Qg7 Rhg8 29. Qh6 Rxd4 30. Qg5 Rc8 31. Qg3 Rcd8 32. Qg5 Rd1+ 0-1

[Event "IX Festival A"]
[Site "Cesenatico ITA"]
[Date "2004.09.11"]
[Round "8"]
[White "Giorgi, Sandro"]
[Black "Battaglia, Edoardo"]
[Result "1/2-1/2"]
[WhiteElo "1599"]
[BlackElo "1877"]
[PlyCount "103"]
[EventDate "2004.09.04"]

1. c4 e5 2. Nc3 Nc6 3. g3 f5 4. d3 Nf6 5. Bg2 Bb4 6. e3 O-O 7. Nge2 d5 8. cxd5
Nxd5 9. O-O Bxc3 10. bxc3 Nf6 11. Rb1 Qd6 12. Qb3+ Be6 13. Ba3 Bxb3 14. Bxd6
cxd6 15. Rxb3 Rab8 16. Rfb1 Na5 17. Rb5 b6 18. c4 e4 19. dxe4 fxe4 20. Nc3 Rfe8
21. Nd5 Nxc4 22. Nxf6+ gxf6 23. Rd1 Rbd8 24. Rbd5 a6 25. Bf1 b5 26. Bxc4 bxc4
27. Rc1 Re5 28. Rxe5 fxe5 29. Rxc4 d5 30. Rc6 d4 31. exd4 exd4 32. Kf1 Rb8 33.
Rc1 Rb2 34. Rd1 d3 35. Ra1 Kf7 36. Re1 d2 37. Rd1 Rxa2 38. Ke2 Kf6 39. Ke3 Ke5
40. f4+ exf3 41. Kxf3 Kd4 42. Ke2 Kc3 43. g4 Kd4 44. h4 Ke4 45. Rb1 a5 46. g5
Kf5 47. Rb7 Kg6 48. h5+ Kxh5 49. Rxh7+ Kxg5 50. Rd7 Kf5 51. Rxd2 Ra4 52. Kd1
1/2-1/2

[Event "IX Festival A"]
[Site "Cesenatico ITA"]
[Date "2004.09.11"]
[Round "8"]
[White "Giussani, Igor"]
[Black "De Andres Gonalons, Fernando"]
[Result "1/2-1/2"]
[WhiteElo "1670"]
[BlackElo "2087"]
[PlyCount "71"]
[EventDate "2004.09.04"]

1. d4 d5 2. Nf3 c5 3. c4 dxc4 4. e3 e6 5. Bxc4 Nf6 6. O-O a6 7. dxc5 Qxd1 8.
Rxd1 Bxc5 9. Nc3 Nc6 10. a3 b5 11. Ba2 Ke7 12. b4 Bd6 13. Bb2 Bb7 14. Rac1 Rad8
15. h3 Bb8 16. Kf1 Rxd1+ 17. Rxd1 Rc8 18. Rc1 Rd8 19. Ke2 Ne5 20. Nxe5 Bxe5 21.
f3 Ke8 22. Na4 Bxb2 23. Nxb2 Rc8 24. Rxc8+ Bxc8 25. Nd3 Nd7 26. Kd2 Ke7 27. Kc3
Kd6 28. f4 Bb7 29. g3 Bg2 30. h4 h5 31. Bb3 Bf3 32. Ba2 Bd5 33. Bb1 f6 34. Bc2
Bf3 35. Bb3 Bd5 36. Bc2 1/2-1/2

[Event "IX Festival A"]
[Site "Cesenatico ITA"]
[Date "2004.09.11"]
[Round "8"]
[White "Guccione, Daniele"]
[Black "Vincenzi, Andrea"]
[Result "1/2-1/2"]
[WhiteElo "1814"]
[BlackElo "1807"]
[PlyCount "89"]
[EventDate "2004.09.04"]

1. e4 e6 2. d4 d5 3. exd5 exd5 4. Bd3 Nf6 5. Bg5 Be7 6. Nf3 Bg4 7. Nbd2 O-O 8.
O-O Nc6 9. c3 Qc8 10. Qc2 h6 11. Bf4 Nh5 12. Be5 Nxe5 13. Nxe5 Be6 14. f4 Bd6
15. f5 Bd7 16. c4 c5 17. cxd5 cxd4 18. Qxc8 Bxc8 19. Ndc4 Rd8 20. Nxd6 Rxd6 21.
Bc4 a6 22. a4 Nf6 23. Rad1 b5 24. axb5 axb5 25. Bxb5 Bb7 26. Bc6 Bxc6 27. Nxc6
Ra2 28. Rxd4 Rxb2 29. Rc1 Kh7 30. Ne5 Rxd5 31. Rxd5 Nxd5 32. g3 Ne3 33. Nxf7
Nxf5 34. Ne5 h5 35. Rc6 Ne3 36. Rc1 Rg2+ 37. Kh1 Ra2 38. Re1 Nf5 39. Rd1 Kh6
40. Re1 Nd4 41. Rf1 Re2 42. Nf3 Nc2 43. Kg1 g5 44. Rf2 Rxf2 45. Kxf2 1/2-1/2

[Event "IX Festival A"]
[Site "Cesenatico ITA"]
[Date "2004.09.11"]
[Round "8"]
[White "Guglielmi, Giuseppe"]
[Black "Lucchi, Lorenzo"]
[Result "1-0"]
[WhiteElo "1980"]
[BlackElo "1577"]
[PlyCount "39"]
[EventDate "2004.09.04"]

1. d4 d5 2. Nf3 Nf6 3. c4 e6 4. Bg5 h6 5. Bh4 Bb4+ 6. Nc3 b5 7. Bg3 Ne4 8. Rc1
c6 9. e3 Qa5 10. Qb3 h5 11. a3 Be7 12. cxd5 cxd5 13. Bd3 Nd7 14. h3 Nxg3 15.
fxg3 Qc7 16. Kf2 Qb6 17. Qc2 f5 18. Bxf5 exf5 19. Nxd5 Qe6 20. Nc7+ 1-0

[Event "IX Festival A"]
[Site "Cesenatico ITA"]
[Date "2004.09.11"]
[Round "8"]
[White "Kemeny, Matthias"]
[Black "Bentivegna, Francesco"]
[Result "0-1"]
[WhiteElo "2074"]
[BlackElo "2250"]
[PlyCount "50"]
[EventDate "2004.09.04"]

1. e4 e5 2. Nf3 Nc6 3. Bb5 f5 4. Nc3 Nf6 5. d3 fxe4 6. Nxe4 d5 7. Ng3 Bd6 8.
O-O O-O 9. c3 Ne7 10. h3 c6 11. Ba4 Qc7 12. Ne2 Ng6 13. Bb3 Kh8 14. Kh1 Nh5 15.
Neg1 Nhf4 16. Bc2 Bd7 17. Be3 Rae8 18. c4 Qc8 19. cxd5 Nxg2 20. Kxg2 Bxh3+ 21.
Kh1 Bg4 22. Bg5 e4 23. Qd2 Bxf3+ 24. Nxf3 Qh3+ 25. Kg1 exf3 0-1

[Event "IX Festival A"]
[Site "Cesenatico ITA"]
[Date "2004.09.11"]
[Round "8"]
[White "Koops, Randolf"]
[Black "Dragojlovic, Andjelko"]
[Result "1/2-1/2"]
[WhiteElo "2118"]
[BlackElo "2309"]
[PlyCount "65"]
[EventDate "2004.09.04"]

1. d4 Nf6 2. Nf3 g6 3. c4 Bg7 4. Nc3 d5 5. cxd5 Nxd5 6. e4 Nxc3 7. bxc3 c5 8.
Rb1 O-O 9. Bc4 Nc6 10. Be3 Bg4 11. O-O cxd4 12. cxd4 Bxd4 13. Rxb7 Bxe3 14.
fxe3 Na5 15. Rb4 Nxc4 16. Rxc4 Qb6 17. Qd4 Rfd8 18. Qc3 a5 19. Ne5 Be6 20. Rc6
Qb4 21. a3 Qxe4 22. Rxe6 fxe6 23. Nf7 e5 24. Nxd8 Rxd8 25. Qxa5 Qxe3+ 26. Kh1
Qd3 27. Re1 Rf8 28. Kg1 Qd4+ 29. Kh1 e4 30. h3 e3 31. Qb4 Qd3 32. Qxe7 Rf1+ 33.
Kh2 1/2-1/2

[Event "IX Festival A"]
[Site "Cesenatico ITA"]
[Date "2004.09.11"]
[Round "8"]
[White "Lapenna, Antonio"]
[Black "Facchetti, Gianni"]
[Result "1-0"]
[WhiteElo "2030"]
[BlackElo "2190"]
[PlyCount "149"]
[EventDate "2004.09.04"]

1. d4 Nf6 2. Nf3 d6 3. Nbd2 Nbd7 4. e4 e5 5. c3 Be7 6. Bd3 c6 7. O-O Qc7 8. Re1
O-O 9. a4 a5 10. Nf1 Re8 11. Ng3 Nf8 12. h3 Bd7 13. Qc2 Rad8 14. Be3 Bc8 15.
Rad1 Ng6 16. dxe5 Nxe5 17. Nxe5 dxe5 18. Bc4 Rxd1 19. Rxd1 Rd8 20. Rxd8+ Bxd8
21. Qb3 Ne8 22. Qd1 Nd6 23. Bb3 b6 24. Bxb6 Qxb6 25. Qxd6 Bf6 26. Qd1 g6 27.
Qd6 Kg7 28. Bd5 Bb7 29. b3 Qa7 30. Bc4 Ba8 31. Nf1 Qe7 32. Qxe7 Bxe7 33. Bd3
Ba3 34. Ne3 Bb2 35. Nd1 Ba3 36. Kf1 f6 37. Ke2 Kf7 38. Ne3 Bd6 39. Nc4 Bc7 40.
b4 axb4 41. cxb4 Bb7 42. Kd2 Ke7 43. Kc2 Kd7 44. Kb3 Kc8 45. f3 Kb8 46. b5 cxb5
47. axb5 Bc8 48. Kb4 Bd8 49. Ne3 Be7+ 50. Ka4 Ka7 51. b6+ Kb7 52. Ka5 Bd8 53.
Ba6+ Kc6 54. Nd5 Be6 55. Bb5+ Kb7 56. Bc4 Bd7 57. Ba6+ Kb8 58. Bb5 Bc8 59. Nb4
Bb7 60. Bc6 f5 61. Bxb7 Kxb7 62. Nd5 fxe4 63. fxe4 Kc6 64. Ka6 Bxb6 65. Nxb6
Kc5 66. Nd7+ Kd4 67. Nf6 h5 68. Kb5 Ke3 69. Kc5 Kf2 70. g4 h4 71. Kd5 Kg3 72.
Kxe5 Kxh3 73. Kf4 g5+ 74. Kxg5 Kg3 75. Nh5+ 1-0

[Event "IX Festival A"]
[Site "Cesenatico ITA"]
[Date "2004.09.11"]
[Round "8"]
[White "Lausen, Berthold"]
[Black "Terbonati, Paolo"]
[Result "1-0"]
[WhiteElo "2059"]
[BlackElo "1931"]
[PlyCount "81"]
[EventDate "2004.09.04"]

1. d4 Nf6 2. c4 g6 3. Nc3 Bg7 4. e4 d6 5. Be2 O-O 6. Nf3 e5 7. Be3 Nc6 8. d5
Ne7 9. Nd2 Nd7 10. O-O f5 11. f3 f4 12. Bf2 a5 13. Rc1 b6 14. a3 Nf6 15. b4
axb4 16. axb4 g5 17. c5 bxc5 18. bxc5 h5 19. cxd6 cxd6 20. Nb5 Ng6 21. Nc4 Ne8
22. Nb6 Rb8 23. Nxc8 Rxc8 24. Qb3 Rxc1 25. Rxc1 Qb8 26. Qa2 Rf7 27. Na7 Ne7 28.
Nc6 Nxc6 29. dxc6 Kf8 30. Rb1 Qc8 31. Bc4 Re7 32. Bd5 Nc7 33. Ba7 Na6 34. Qf2
Bf6 35. Rb7 Rc7 36. Qf1 Rxc6 37. Rf7+ Ke8 38. Qb5 Nb4 39. Rxf6 Nxd5 40. exd5
Ke7 41. Qxc6 1-0

[Event "IX Festival A"]
[Site "Cesenatico ITA"]
[Date "2004.09.11"]
[Round "8"]
[White "Maahs, Erich"]
[Black "Costantini, Laura"]
[Result "1/2-1/2"]
[WhiteElo "2155"]
[BlackElo "2068"]
[PlyCount "106"]
[EventDate "2004.09.04"]

1. e4 c5 2. Nf3 d6 3. d4 cxd4 4. Qxd4 Nc6 5. Bb5 Bd7 6. Bxc6 Bxc6 7. Nc3 Nf6 8.
Bg5 e6 9. O-O-O Be7 10. Rhe1 Qa5 11. Qd2 O-O 12. Kb1 Qa6 13. Nd4 Rfc8 14. f4 h6
15. Bxf6 Bxf6 16. g4 Qb6 17. e5 dxe5 18. Nxc6 Rxc6 19. g5 Rd8 20. Qg2 hxg5 21.
fxg5 Be7 22. Ne4 Rdc8 23. c3 R6c7 24. Nf6+ Bxf6 25. gxf6 g6 26. Qg5 Qc5 27.
Rxe5 Qf8 28. Rd3 Rc5 29. Rde3 Rxe5 30. Rxe5 Qd6 31. a3 Rd8 32. Ka2 Qd2 33. Qg4
Qd6 34. Qe4 Rd7 35. h4 Qd3 36. Qg4 Qd1 37. Qg5 Qd2 38. Qg4 Qd1 39. Qc4 Qd6 40.
Rg5 Qc7 41. Qg4 Rd5 42. c4 Rc5 43. b3 Qh2+ 44. Kb1 Rxg5 45. hxg5 Qh5 46. Qg1
Qe2 47. a4 a5 48. c5 Qd3+ 49. Ka2 Qd2+ 50. Kb1 e5 51. Qg4 Qd3+ 52. Kb2 Qd2+ 53.
Kb1 Qd3+ 1/2-1/2

[Event "IX Festival A"]
[Site "Cesenatico ITA"]
[Date "2004.09.11"]
[Round "8"]
[White "Maddaloni, Giovanni"]
[Black "Pircher, Karl"]
[Result "1/2-1/2"]
[WhiteElo "1849"]
[BlackElo "2013"]
[PlyCount "49"]
[EventDate "2004.09.04"]

1. e4 e6 2. d4 d5 3. Nc3 Nf6 4. Bg5 Be7 5. e5 Nfd7 6. h4 a6 7. Qg4 Bxg5 8. hxg5
c5 9. g6 f5 10. Rxh7 fxg4 11. Rxh8+ Nf8 12. O-O-O c4 13. f4 gxf3 14. Nxf3 Nc6
15. Be2 Ne7 16. Nh4 Nf5 17. Rf1 b5 18. Kb1 Qxh4 19. Rxh4 Nxh4 20. Rf7 Nf5 21.
Bh5 Ng3 22. Bf3 Nf5 23. Bh5 Ng3 24. Bf3 Nf5 25. Bh5 1/2-1/2

[Event "IX Festival A"]
[Site "Cesenatico ITA"]
[Date "2004.09.11"]
[Round "8"]
[White "Marholev, Dimitar"]
[Black "Calzetta Ruiz, Monica"]
[Result "1-0"]
[WhiteElo "2350"]
[BlackElo "2289"]
[PlyCount "72"]
[EventDate "2004.09.04"]

1. e4 c5 2. Nc3 d6 3. Nf3 Nf6 4. d4 cxd4 5. Nxd4 g6 6. Be2 Bg7 7. h4 h5 8. Bg5
Nc6 9. Nb3 Be6 10. Qd2 a6 11. f3 Rc8 12. O-O-O Qc7 13. Kb1 b5 14. Nd5 Bxd5 15.
exd5 Ne5 16. Na5 O-O 17. Bxf6 Bxf6 18. g4 hxg4 19. fxg4 b4 20. Nb3 a5 21. g5
Bg7 22. h5 a4 23. Nd4 Nc4 24. Bxc4 Qxc4 25. Nc6 Rc7 26. hxg6 fxg6 27. Qh2 Rf5
28. Qh7+ Kf7 29. Nd8+ Ke8 30. Qxg6+ Kxd8 31. Qxf5 a3 32. Rh7 Qe2 33. Qd3 Qe5
34. Qb3 axb2 35. g6 Qe2 36. Rdh1 Rc3 1-0

[Event "IX Festival A"]
[Site "Cesenatico ITA"]
[Date "2004.09.11"]
[Round "8"]
[White "Masotti, Roberto"]
[Black "Dallaglio, Giovanni"]
[Result "1/2-1/2"]
[WhiteElo "1874"]
[BlackElo "2057"]
[PlyCount "49"]
[EventDate "2004.09.04"]

1. Nf3 Nf6 2. c4 e6 3. Nc3 d5 4. d4 Be7 5. Qc2 O-O 6. Bf4 Nbd7 7. e3 c5 8. a3
cxd4 9. exd4 dxc4 10. Bxc4 a6 11. O-O b5 12. Ba2 Bb7 13. Ne5 Rc8 14. Qe2 Kh8
15. Rac1 Nd5 16. Nxd5 Bxd5 17. Bxd5 Rxc1 18. Rxc1 Nxe5 19. Bxe6 Ng6 20. Bc7
Qxd4 21. Bf5 Bf6 22. Rc2 Ne5 23. Bxe5 Qxe5 24. Qxe5 Bxe5 25. Rc8 1/2-1/2

[Event "IX Festival A"]
[Site "Cesenatico ITA"]
[Date "2004.09.11"]
[Round "8"]
[White "Molina, Fabrizio"]
[Black "Skembris, Spyridon"]
[Result "0-1"]
[WhiteElo "2246"]
[BlackElo "2434"]
[PlyCount "94"]
[EventDate "2004.09.04"]

1. c4 e5 2. g3 Nf6 3. Bg2 d5 4. cxd5 Nxd5 5. Nc3 Nb6 6. Nf3 Nc6 7. O-O Be7 8.
a3 O-O 9. b4 a6 10. d3 Be6 11. Rb1 f6 12. Nd2 Qd7 13. Nb3 Rab8 14. Ne4 Na4 15.
Be3 f5 16. Nbc5 Bxc5 17. Nxc5 Nxc5 18. Bxc5 Rf7 19. a4 b6 20. b5 axb5 21. axb5
Na5 22. Qa4 Bd5 23. Rfc1 e4 24. dxe4 Nb3 25. Rxb3 Bxb3 26. Qxb3 bxc5 27. e5
Rxb5 28. Qd5 Rb8 29. Rd1 Qe7 30. Qa2 Kh8 31. e4 fxe4 32. Bxe4 Rff8 33. f4 Rfd8
34. Rxd8+ Qxd8 35. Qd5 Qxd5 36. Bxd5 g6 37. g4 Rf8 38. Kg2 c4 39. Kf3 c3 40.
Be4 Re8 41. h4 Kg7 42. Ke3 c5 43. Bc2 Rd8 44. f5 Rd5 45. f6+ Kf8 46. Ke4 Rd2
47. Bb3 c2 0-1

[Event "IX Festival A"]
[Site "Cesenatico ITA"]
[Date "2004.09.11"]
[Round "8"]
[White "Ori, Marco"]
[Black "Ventura, Sergio"]
[Result "1-0"]
[WhiteElo "2081"]
[BlackElo "2175"]
[PlyCount "97"]
[EventDate "2004.09.04"]

1. e4 d6 2. d4 Nf6 3. Nc3 c6 4. a4 g6 5. h3 Bg7 6. Nf3 O-O 7. Be3 Qa5 8. Nd2 d5
9. Bd3 dxe4 10. Ncxe4 Nxe4 11. Bxe4 Bf5 12. O-O Bxe4 13. Nxe4 Rd8 14. c3 Nd7
15. Qb3 Qd5 16. Qc2 h6 17. Ng3 Rac8 18. Rfd1 f5 19. h4 Rf8 20. Ne2 Qf7 21. Qd2
Kh7 22. d5 Ne5 23. Nf4 Rfd8 24. Qe2 Ng4 25. Bxa7 cxd5 26. Ne6 Rd6 27. Nxg7 Qxg7
28. f3 Qe5 29. Qxe5 Nxe5 30. Re1 Nc6 31. Bc5 Rd7 32. Re6 Kg7 33. Rae1 Kf7 34.
b4 Re8 35. h5 gxh5 36. Rxh6 e5 37. a5 Kg7 38. Rxh5 Kg6 39. Rh3 f4 40. Kf2 e4
41. Reh1 Rg8 42. Rh6+ Kf5 43. a6 Ne5 44. R1h5+ Rg5 45. a7 Rd8 46. Rh8 Nd3+ 47.
Kf1 Rxh5 48. Rxd8 Rh1+ 49. Bg1 1-0

[Event "IX Festival A"]
[Site "Cesenatico ITA"]
[Date "2004.09.11"]
[Round "8"]
[White "Pozzi, Enrico"]
[Black "Mrdja, Milan"]
[Result "1-0"]
[WhiteElo "2208"]
[BlackElo "2432"]
[PlyCount "71"]
[EventDate "2004.09.04"]

1. e4 Nf6 2. d3 d5 3. Nd2 c5 4. Ngf3 Nc6 5. Be2 g6 6. O-O Bg7 7. c3 e5 8. Re1
O-O 9. Bf1 b6 10. g3 h6 11. Qc2 Be6 12. b3 Rc8 13. a3 Nd7 14. Bg2 d4 15. c4 f5
16. Nh4 Rf6 17. exf5 gxf5 18. Ra2 Bf7 19. Bh3 Be6 20. Qd1 Ne7 21. f4 Ng6 22.
Nxg6 Rxg6 23. Nf3 exf4 24. Bxf4 Nf8 25. Rae2 Bd7 26. Ne5 Bxe5 27. Rxe5 Qf6 28.
Qh5 Qf7 29. Bg2 Rf6 30. Qxf7+ Kxf7 31. Re7+ Kg6 32. Bd5 Kh5 33. h3 Bc6 34. Bf7+
Ng6 35. Kh2 Rh8 36. g4+ 1-0

[Event "IX Festival A"]
[Site "Cesenatico ITA"]
[Date "2004.09.11"]
[Round "8"]
[White "Pruesse, Horst"]
[Black "Voltolini, Giuseppe"]
[Result "0-1"]
[WhiteElo "2126"]
[BlackElo "2241"]
[PlyCount "92"]
[EventDate "2004.09.04"]

1. e4 c5 2. d4 cxd4 3. c3 Nf6 4. e5 Nd5 5. Qxd4 e6 6. Bc4 Nc6 7. Qe4 d6 8. Nf3
Nb6 9. Bd3 dxe5 10. Bb5 f6 11. O-O Qc7 12. a4 a6 13. a5 Nd5 14. Ba4 Be7 15. c4
Ndb4 16. Be3 O-O 17. Bb6 Qd7 18. Nc3 Qe8 19. Rad1 Bd7 20. Rd2 f5 21. Qe2 e4 22.
Ne1 Ne5 23. Bb3 Bc6 24. f3 Qg6 25. c5 Kh8 26. Rd4 Nxf3+ 27. Nxf3 exf3 28. Qf2
fxg2 29. Re1 f4 30. Rxe6 Nd3 31. Rxc6 bxc6 32. Qxg2 Bxc5 33. Bxc5 Qxg2+ 34.
Kxg2 f3+ 35. Kf1 Nxc5 36. Bc2 Rab8 37. b4 Ne6 38. Rh4 h6 39. Na4 Nf4 40. Nb6
Rbd8 41. Be4 f2 42. Bf3 Ng6 43. Rh3 Rd3 44. Bg4 Ne5 45. Rxd3 Nxg4 46. Rh3 Re8
0-1

[Event "IX Festival A"]
[Site "Cesenatico ITA"]
[Date "2004.09.11"]
[Round "8"]
[White "Roeder, Matthias"]
[Black "Lagrotteria, Salvatore"]
[Result "1-0"]
[WhiteElo "2431"]
[BlackElo "2209"]
[PlyCount "65"]
[EventDate "2004.09.04"]

1. Nf3 g6 2. c4 Nf6 3. Nc3 Bg7 4. e4 d6 5. d4 O-O 6. h3 Na6 7. Bg5 h6 8. Be3 b6
9. Bd3 e6 10. Qd2 Kh7 11. a3 c5 12. d5 e5 13. Nh2 Nc7 14. O-O Nce8 15. Ne2 Ng8
16. f4 f6 17. f5 g5 18. Ng3 Rf7 19. Nh5 Bf8 20. Be2 Ng7 21. h4 Rb7 22. Nxg7
Bxg7 23. Rf3 Bf8 24. Rh3 Kg7 25. hxg5 fxg5 26. Ng4 Be7 27. Kf2 Bf8 28. Nxh6 Nf6
29. Bf3 b5 30. Bxg5 bxc4 31. Rg3 Kh8 32. Rh1 Rh7 33. Bxf6+ 1-0

[Event "IX Festival A"]
[Site "Cesenatico ITA"]
[Date "2004.09.11"]
[Round "8"]
[White "Sanzani, Pierluigi"]
[Black "Bernardini, Luca"]
[Result "1-0"]
[WhiteElo "1955"]
[BlackElo "1760"]
[PlyCount "111"]
[EventDate "2004.09.04"]

1. e4 e5 2. Nf3 Nf6 3. Nxe5 d6 4. Nf3 Nxe4 5. d4 d5 6. Bd3 Bd6 7. O-O O-O 8. c4
c6 9. h3 Re8 10. Nc3 Nxc3 11. bxc3 dxc4 12. Bxc4 Be6 13. Bb3 h6 14. c4 b6 15.
Bb2 Nd7 16. Qd2 Nf6 17. Rad1 Ne4 18. Qc1 Qc7 19. Ba1 Kh8 20. Qb2 f6 21. d5 cxd5
22. cxd5 Bf5 23. Ba4 Bd7 24. Rc1 Bc5 25. Bb3 Rac8 26. Nd4 Qd6 27. Rcd1 Ba3 28.
Qb1 Bb4 29. Qd3 Nc3 30. Bc2 Ne4 31. f3 Rxc2 32. Qxc2 Ng3 33. Rf2 Bc5 34. Qc4 b5
35. Nxb5 Bxf2+ 36. Kxf2 Qb8 37. Nc7 Ne4+ 38. fxe4 Rxe4 39. Qxe4 Qxc7 40. Rd2
Qc5+ 41. Qd4 Qc1 42. Bb2 Qc7 43. d6 Qa5 44. Bc3 Qf5+ 45. Kg3 a5 46. Qd5 Qg6+
47. Kh2 a4 48. Qa8+ Kh7 49. Qa7 Qf5 50. a3 Qf4+ 51. Kg1 Qf5 52. Bb4 Qb1+ 53.
Kh2 Qf5 54. Qd4 Qf1 55. Qd3+ Qxd3 56. Rxd3 1-0

[Event "IX Festival A"]
[Site "Cesenatico ITA"]
[Date "2004.09.11"]
[Round "8"]
[White "Tomescu, Vlad"]
[Black "Vuelban, Virgilio"]
[Result "0-1"]
[WhiteElo "2397"]
[BlackElo "2306"]
[PlyCount "93"]
[EventDate "2004.09.04"]

1. e4 c5 2. Nf3 d6 3. d4 cxd4 4. Nxd4 Nf6 5. Nc3 Nc6 6. Bg5 e6 7. Qd2 Be7 8.
Nb3 O-O 9. O-O-O Qb6 10. f3 a6 11. g4 Rd8 12. Be3 Qc7 13. g5 Nd7 14. f4 b5 15.
Bd3 Nc5 16. Kb1 Bb7 17. Rhf1 b4 18. Ne2 Na5 19. Ng3 Naxb3 20. cxb3 Nxd3 21.
Qxd3 a5 22. Rf2 d5 23. e5 d4 24. Bxd4 Bd5 25. Rc2 Qd7 26. Rdc1 a4 27. Rc7 Qe8
28. Qe3 axb3 29. axb3 Bxb3 30. Qxb3 Rxd4 31. Ne2 Rd5 32. Qc4 Bf8 33. Nd4 Qa4
34. Nb3 Rad8 35. Qc2 Qb5 36. Qc4 Qa4 37. Qc2 Ra8 38. Qc6 Qa2+ 39. Kc2 Ra3 40.
Qc4 Rxb3 41. Qxb3 Rd2+ 42. Kxd2 Qxb3 43. R1c2 Qf3 44. R2c4 h6 45. Rc8 Kh7 46.
Rd4 Qf2+ 47. Kd3 0-1

[Event "IX Festival A"]
[Site "Cesenatico ITA"]
[Date "2004.09.11"]
[Round "8"]
[White "Trabert, Bettina"]
[Black "Jonkman, Harmen"]
[Result "1/2-1/2"]
[WhiteElo "2312"]
[BlackElo "2425"]
[PlyCount "52"]
[EventDate "2004.09.04"]

1. e4 e5 2. Nf3 Nc6 3. Nc3 Nf6 4. d4 exd4 5. Nxd4 Bb4 6. Nxc6 bxc6 7. Bd3 d5 8.
exd5 cxd5 9. O-O O-O 10. Bg5 c6 11. Na4 Bd6 12. c4 Be6 13. Rc1 Rb8 14. b3 Re8
15. cxd5 Bxd5 16. Nc3 h6 17. Nxd5 hxg5 18. Nxf6+ Qxf6 19. g3 Be5 20. Be4 Red8
21. Qe2 Rb6 22. Rxc6 Rxc6 23. Bxc6 Bc3 24. Qf3 Qxf3 25. Bxf3 Rd2 26. Rd1 Rxd1+
1/2-1/2

[Event "IX Festival A"]
[Site "Cesenatico ITA"]
[Date "2004.09.11"]
[Round "8"]
[White "Traversi, Carlo"]
[Black "Novotny, Michal"]
[Result "0-1"]
[WhiteElo "1792"]
[BlackElo "2197"]
[PlyCount "60"]
[EventDate "2004.09.04"]

1. e4 e6 2. d4 d5 3. Nc3 Nf6 4. exd5 exd5 5. Nf3 c6 6. h3 Bb4 7. Be2 Ne4 8. Bd2
Bd6 9. Be3 f5 10. Nxe4 fxe4 11. Ne5 O-O 12. Qd2 Nd7 13. Nxd7 Bxd7 14. O-O-O Qe7
15. Rhf1 Rae8 16. Kb1 a5 17. c4 Be6 18. Rc1 Qf7 19. c5 Bc7 20. Rc3 Qg6 21. g4
a4 22. Ra3 Ra8 23. Qd1 Bf4 24. Ka1 Qh6 25. Bxf4 Rxf4 26. Qc1 Raf8 27. Qe1 Qf6
28. f3 Qxd4 29. fxe4 Rxf1 30. Bxf1 Qg1 0-1

[Event "IX Festival A"]
[Site "Cesenatico ITA"]
[Date "2004.09.12"]
[Round "9"]
[White "Aldrovandi, Costantino"]
[Black "Guglielmi, Giuseppe"]
[Result "1/2-1/2"]
[WhiteElo "2275"]
[BlackElo "1980"]
[PlyCount "21"]
[EventDate "2004.09.04"]

1. Nf3 Nf6 2. g3 g6 3. Bg2 Bg7 4. O-O O-O 5. c4 c5 6. Nc3 Nc6 7. a3 d6 8. Rb1
a5 9. b3 e5 10. d3 Nh5 11. Nd5 1/2-1/2

[Event "IX Festival A"]
[Site "Cesenatico ITA"]
[Date "2004.09.12"]
[Round "9"]
[White "Anceschi, Vittorio"]
[Black "Cioara, Andrei Nestor"]
[Result "0-1"]
[WhiteElo "2261"]
[BlackElo "2373"]
[PlyCount "110"]
[EventDate "2004.09.04"]

1. e4 e6 2. d3 d5 3. Nd2 Nf6 4. Ngf3 Be7 5. g3 O-O 6. Bg2 c5 7. O-O Nc6 8. Re1
b5 9. e5 Nd7 10. c4 bxc4 11. dxc4 Nb6 12. a3 a5 13. Qc2 a4 14. h4 Ba6 15. cxd5
exd5 16. Ng5 Bxg5 17. hxg5 Qe7 18. Nf3 Rac8 19. Bh3 Rce8 20. Bf4 Bc8 21. Bxc8
Rxc8 22. Kg2 Nd4 23. Nxd4 cxd4 24. Qd3 Rc4 25. Rh1 g6 26. Rh6 Kg7 27. Rah1 Rh8
28. Bd2 Nd7 29. Qf3 Nxe5 30. Qxd5 Qe6 31. Qxe6 fxe6 32. Re1 Nf7 33. Rxe6 Nxh6
34. gxh6+ Kf7 35. Rd6 Ke7 36. Rb6 d3 37. Bg5+ Kd7 38. Kf3 Rd4 39. Bd2 Kc7 40.
Rf6 Rd6 41. Rf4 Rb8 42. Rxa4 Rxb2 43. Ra7+ Rb7 44. Rxb7+ Kxb7 45. Ke3 Kc6 46.
Bc3 Kb5 47. Kd2 Kc4 48. f4 Ra6 49. Bb2 Rb6 50. Bg7 Rb3 51. g4 Rxa3 52. f5 gxf5
53. gxf5 Ra5 54. f6 Rf5 55. Kd1 Kd5 0-1